| 000 | 00777cam a2200217 4500 | ||
|---|---|---|---|
| 001 | ABS62831 | ||
| 008 | 000000n2000 000 0 eng u | ||
| 035 | _a(Sirsi) u108359 | ||
| 100 | _aCoote, F. | ||
| 245 | _aLead sheet - how to use it to best advantage | ||
| 260 | _c2000 | ||
| 490 |
_aChurch Building _v(64) July/August 2000, 10-11(2) |
||
| 520 | _aThe author, a member of the Lead Sheet Association, outlines how to assess problems with lead sheet on church roofs. Uses a question and answer format to deal with the main problems that can occur. | ||
| 590 | _aABS | ||
| 650 | _aCHURCHES | ||
| 650 | _aLEAD | ||
| 650 | _aBUILT ENVIRONMENT-BUILDING ELEMENTS-COMPLETE BUILDING ELEMENTS-ROOFS | ||
| 650 | _aLEAKS | ||
| 690 | _aBUILDING CONSERVATION | ||
| 942 | _n0 | ||
| 999 |
_c64692 _d64692 |
||